| 000 | 00891cam a2200277 i 4500 | ||
|---|---|---|---|
| 001 | 18863264 | ||
| 005 | 20180813073302.0 | ||
| 008 | 151118s2016 nyua b 001 0 eng | ||
| 010 | _a 2015957828 | ||
| 020 | _a9781464154386 | ||
| 020 | _a1464154384 | ||
| 035 | _a(OCoLC)ocn936711467 | ||
| 040 |
_aZNC _cZNC _dDLC |
||
| 041 | _aeng | ||
| 042 | _alccopycat | ||
| 080 | _a159.9 | ||
| 082 | _2159.9 | ||
| 100 | 1 | _a48 | |
| 101 | _aPSI | ||
| 245 | 1 | 0 |
_aExploring psychology in modules / _cDavid G. Myers, Hope College, Holland, Michigan , C. Nathan DeWall, University of Kentucky, Lexington, Kentucky. |
| 504 | _aIncludes bibliographical references and indexes. | ||
| 906 |
_a7 _bcbc _ccopycat _d3 _encip _f20 _gy-gencatlg |
||
| 942 |
_2ddc _cBK |
||
| 999 |
_c47043 _d47043 |
||